000 00351nam a22001217a 4500
008 140218b xxu||||| |||| 00| 0 eng d
010 _a80-28621
020 _a0-86576-005(Vol.1)
082 _a001.53BAR
_b001100
100 _gH.B,409 p
245 _aThe Handbook of Artifical Intelligence (Vol.1)
_cBarr Avron
260 _aCalifornia
_bWilliam Kaufmann
_c1981
999 _c23824
_d23824